000 00276nam a22001097a 4500
008 140207t xxu||||| |||| 00| 0 eng d
100 _aJames Q. Wilson
_9669
245 _aAmerican Government
250 _aFifth Ed.
300 _axv, 665, 84 p. :
_bill. ;
_c27 cm.
942 _2ddc
_cBK
999 _c16928
_d16928